<?xml version="1.0" encoding="UTF-8"?><?xml-stylesheet type="text/xsl" href="static/style.xsl"?><OAI-PMH xmlns="http://www.openarchives.org/OAI/2.0/" xmlns:xsi="http://www.w3.org/2001/XMLSchema-instance" xsi:schemaLocation="http://www.openarchives.org/OAI/2.0/ http://www.openarchives.org/OAI/2.0/OAI-PMH.xsd"><responseDate>2026-06-02T11:54:14Z</responseDate><request verb="GetRecord" identifier="oai:riuma.uma.es:10630/38151" metadataPrefix="marc">https://riuma.uma.es/rest/oai/request</request><GetRecord><record><header><identifier>oai:riuma.uma.es:10630/38151</identifier><datestamp>2026-02-03T11:52:35Z</datestamp><setSpec>com_10630_2254</setSpec><setSpec>col_10630_37959</setSpec></header><metadata><record xmlns="http://www.loc.gov/MARC21/slim" xmlns:dcterms="http://purl.org/dc/terms/" xmlns:doc="http://www.lyncode.com/xoai" xmlns:xsi="http://www.w3.org/2001/XMLSchema-instance" xsi:schemaLocation="http://www.loc.gov/MARC21/slim http://www.loc.gov/standards/marcxml/schema/MARC21slim.xsd">
   <leader>00925njm 22002777a 4500</leader>
   <datafield ind2=" " ind1=" " tag="042">
      <subfield code="a">dc</subfield>
   </datafield>
   <datafield ind2=" " ind1=" " tag="720">
      <subfield code="a">Gonzalez-Monge, María del Castillo</subfield>
      <subfield code="e">author</subfield>
   </datafield>
   <datafield ind2=" " ind1=" " tag="720">
      <subfield code="a">Cobacho Ruiz, Pablo</subfield>
      <subfield code="e">author</subfield>
   </datafield>
   <datafield ind2=" " ind1=" " tag="720">
      <subfield code="a">Fernández-Plazaola, Unai</subfield>
      <subfield code="e">author</subfield>
   </datafield>
   <datafield ind2=" " ind1=" " tag="720">
      <subfield code="a">Martos-Naya, Eduardo</subfield>
      <subfield code="e">author</subfield>
   </datafield>
   <datafield ind2=" " ind1=" " tag="260">
      <subfield code="c">2024-09-05</subfield>
   </datafield>
   <datafield ind2=" " ind1=" " tag="520">
      <subfield code="a">This paper presents a multicarrier modulation sys&#xd;
tem with low complexity designed for wide-band underwater&#xd;
 acoustic communications within the ultrasonic range (from&#xd;
 32 kHz to 128 kHz). Underwater Acoustic Communications&#xd;
 (UAC) systems are recognized as one of the most challenging&#xd;
 communication media in use today due to their temporal and&#xd;
 frequency selectivity characteristics. This paper addresses the&#xd;
 development of an OFDM (Orthogonal Frequency Division&#xd;
 Multiplexing) system employing QPSK (Quadrature Phase Shift&#xd;
 Keying) modulation. Paper describes the performance com&#xd;
parison between two methods of channel response estimation&#xd;
 using pilots: time interpolation versus frequency interpolation.&#xd;
 The system’s performance is evaluated using impulse responses&#xd;
 obtained from shallow water measurements conducted in the&#xd;
 Mediterranean Sea.</subfield>
   </datafield>
   <datafield ind1="8" ind2=" " tag="024">
      <subfield code="a">https://hdl.handle.net/10630/38151</subfield>
   </datafield>
   <datafield tag="653" ind2=" " ind1=" ">
      <subfield code="a">Multiplexación</subfield>
   </datafield>
   <datafield tag="653" ind2=" " ind1=" ">
      <subfield code="a">Telecomunicaciones</subfield>
   </datafield>
   <datafield tag="653" ind2=" " ind1=" ">
      <subfield code="a">Transductores ultrasónicos</subfield>
   </datafield>
   <datafield ind2="0" ind1="0" tag="245">
      <subfield code="a">Transmisión OFDM por canales acústicos subacuáticos.</subfield>
   </datafield>
</record>
</metadata></record></GetRecord></OAI-PMH>